Which City? #5 - Statistics

General Stats
  • This quiz has been taken 12 times
  • The average score is 4 of 16
Answer Stats
Picture Answer % Correct
Dubai
82%
Alexandria
45%
Frankfurt
45%
Prague
36%
Seoul
36%
Quito
27%
Tbilisi
27%
Chișinău
18%
Glasgow
18%
Hanoi
18%
Montréal
18%
Guangzhou
9%
Kabul
9%
Kigali
9%
Novosibirsk
9%
Santo Domingo
9%
No matching quizzes found
Score Distribution
Percent of People with Each Score
Percentile by Number Answered
Your Score History
You have not taken this quiz